00621nam a2200193Ia 4500008004100000020001800041082001400059100002300073245003800096250000800134260003800142300002400180500001900204600003300223650001500256942000700271952013200278999001700410240925s9999 xx 000 0 und d a9789352866205 a158.4 NAH aNahavandi, Afsaneh 4aThe Art and Science of Leadership a7th aIndia:bPearson Educationc,2018. a158p.bNAfOriginal aIncludes Index aHumanities & Natural Science aPsychology cBK 001040708HUMaUITUbUITUd2019-01-21eAllied Book Companyg696.80l0o158.4 NAHpQ13805r2024-09-25 07:16:59w2024-09-25yBK c16304d16304